UBT Library

UNA GRAMMATICA ITALIANA PER TUTTI 2 (Record no. 60638)

000 -LEADER
fixed length control field 00361nam a22001457a 4500
008 - FIXED-LENGTH DATA ELEMENTS--GENERAL INFORMATION
fixed length control field 250414b ||||| |||| 00| 0 eng d
020 ## - INTERNATIONAL STANDARD BOOK NUMBER
International Standard Book Number 9788898433117
041 ## - LANGUAGE CODE
Language code of text/sound track or separate title ITALIAN
080 ## - UNIVERSAL DECIMAL CLASSIFICATION NUMBER
Edition identifier 2014
Universal Decimal Classification number 371LAT
082 ## - DEWEY DECIMAL CLASSIFICATION NUMBER
Edition number 371LAT
100 ## - Rafti
Rafti 22
101 ## - Shkurtesa
Shkurtesa GJUHA ITALIANE
245 ## - TITLE STATEMENT
Title UNA GRAMMATICA ITALIANA PER TUTTI 2
Statement of responsibility, etc LATINO ALESSANDRA
942 ## - ADDED ENTRY ELEMENTS (KOHA)
Source of classification or shelving scheme
Item type Books
Holdings
Withdrawn status Lost status Source of classification or shelving scheme Damaged status Not for loan Collection code Permanent location Current location Date acquired Total Checkouts Barcode Date last seen Price effective from Koha item type
          Koleksioni i përgjithshem UBT - Lipjan UBT - Lipjan 04/14/2025   002-800070701 04/14/2025 04/14/2025 Books
          Koleksioni i përgjithshem UBT - Lipjan UBT - Lipjan 04/14/2025   002-800070702 04/14/2025 04/14/2025 Books
          Koleksioni i përgjithshem UBT - Lipjan UBT - Lipjan 04/14/2025   002-800070703 04/14/2025 04/14/2025 Books
          Koleksioni i përgjithshem UBT - Lipjan UBT - Lipjan 04/14/2025   002-800070704 04/14/2025 04/14/2025 Books
          Koleksioni i përgjithshem UBT - Lipjan UBT - Lipjan 04/14/2025   002-800070705 04/14/2025 04/14/2025 Books
          Koleksioni i përgjithshem UBT - Lipjan UBT - Lipjan 04/14/2025   002-800070706 04/14/2025 04/14/2025 Books
          Koleksioni i përgjithshem UBT - Lipjan UBT - Lipjan 04/14/2025   002-800070707 04/14/2025 04/14/2025 Books
          Koleksioni i përgjithshem UBT - Lipjan UBT - Lipjan 04/14/2025   002-800070708 04/14/2025 04/14/2025 Books
          Koleksioni i përgjithshem UBT - Lipjan UBT - Lipjan 04/14/2025   002-800070709 04/14/2025 04/14/2025 Books
          Koleksioni i përgjithshem UBT - Lipjan UBT - Lipjan 04/14/2025   002-800070710 04/14/2025 04/14/2025 Books
          Koleksioni i përgjithshem UBT - Lipjan UBT - Lipjan 04/14/2025   002-800070711 04/14/2025 04/14/2025 Books
          Koleksioni i përgjithshem UBT - Lipjan UBT - Lipjan 04/14/2025   002-800070712 04/14/2025 04/14/2025 Books
UBT Library © 2015-2024. All rights reserved University Education for Business and Technology